000
00298nam a22001337a 4500
008
170420b xxu||||| |||| 00| 0 eng d
020
_a
9780879838935
041
_a
eng
080
_a
573
100
_a
11
101
_a
SHM
245
_a
BIOCHEMICAL INDIVIDUALITY
_c
WILLIAMS, R.J
942
_2
udc
_c
BK
999
_c
11321
_d
11321